| 000 | 00768cam a22002533a 4500 | ||
|---|---|---|---|
| 001 | 1078 | ||
| 003 | PGUSA | ||
| 005 | 20140828082956.0 | ||
| 008 | 971001s1997||||xxu|||||s|||||000 1 eng d | ||
| 040 |
_aPGUSA _beng |
||
| 042 | _adc | ||
| 050 | 4 | _aPS | |
| 100 | 1 |
_aAltsheler, Joseph A. _q(Joseph Alexander), _d1862-1919 |
|
| 245 | 1 | 4 |
_aThe Scouts of the Valley _h[electronic resource] / _cJoseph A. Altsheler |
| 260 |
_bProject Gutenberg, _c1997 |
||
| 506 | _aPublic domain in the USA. | ||
| 516 | _aElectronic text | ||
| 653 | _aChemung River Valley (N.Y. and Pa.) -- Fiction | ||
| 653 | _aWyoming Valley (Pa.) -- Fiction | ||
| 653 | _aHistorical fiction | ||
| 830 | 0 |
_aProject Gutenberg _v1078 |
|
| 856 | 4 | 0 | _uhttp://www.gutenberg.org/ebooks/1078 |
| 942 | _cEB | ||
| 999 |
_c230426 _d230426 |
||